National building code India-2005 Group2 (Record no. 13212)

000 -LEADER
fixed length control field 00326nam a2200121 4500
003 - CONTROL NUMBER IDENTIFIER
control field OSt
005 - DATE AND TIME OF LATEST TRANSACTION
control field 20250310162410.0
008 - FIXED-LENGTH DATA ELEMENTS--GENERAL INFORMATION
fixed length control field 250310b ||||| |||| 00| 0 eng d
110 ## - MAIN ENTRY--CORPORATE NAME
Corporate name or jurisdiction name as entry element Bureau of Indian standards
245 ## - TITLE STATEMENT
Title National building code India-2005 Group2
260 ## - PUBLICATION, DISTRIBUTION, ETC. (IMPRINT)
Name of publisher, distributor, etc Bureau of Indian standards
Date of publication, distribution, etc 2005
942 ## - ADDED ENTRY ELEMENTS (KOHA)
Source of classification or shelving scheme
Holdings
Withdrawn status Lost status Source of classification or shelving scheme Damaged status Not for loan Permanent location Current location Date acquired Barcode Date last seen Price effective from Koha item type
          BMS College of Architecture, Design and Planning BMS College of Architecture, Design and Planning 2025-03-10 AR-UG59363 2025-03-10 2025-03-10 UG Books
          BMS College of Architecture, Design and Planning BMS College of Architecture, Design and Planning 2025-03-10 AR-UG59364 2025-03-10 2025-03-10 UG Books
          BMS College of Architecture, Design and Planning BMS College of Architecture, Design and Planning 2025-03-10 AR-UG59365 2025-03-10 2025-03-10 UG Books
          BMS College of Architecture, Design and Planning BMS College of Architecture, Design and Planning 2025-03-10 AR-UG59367 2025-03-10 2025-03-10 UG Books
Copyright © 2025, The Librarian, Library and Information Centre, BMSCA D&P, Bengaluru. All Rights Reserved
web counter

Powered by Koha